8 mots dans mots : thé (mort subite) - Statistiques

Statistiques générales
  • Ce quiz a été pris 45 fois
  • Le résultat moyen est 5 sur 8
Answers on the Grid
Answers color-coded by a green-red scale on the quiz's grid according to % correct below.
Harpe-ci---re
Car---ginoise
Rachianes---sie
Sou---mpton
Biblio---caire
Hypo---tiquement
Py---gorisme
Audiopro---siste
Lé---rgique
Eu---nasie
Photosyn---tique
Emmen---l
Ma---maticienne
Zéni---le
Chrysan---miste
Thalasso---rapeute
 
Statistiques - réponses
Réponse % Correct
Biblio---caire
79%
Hypo---tiquement
74%
Ma---maticienne
74%
Thalasso---rapeute
67%
Photosyn---tique
62%
Audiopro---siste
59%
Chrysan---miste
51%
Rachianes---sie
46%
Aucun quiz correspondant
Distribution des résultats
% des personnes avec chaque résultat
Percentile par nombre de réponses
Votre historique - résultats
Vous n’avez pas pris ce quiz